01375nam a2200313 a 4500001001200000003000800012006001900020007001500039008004100054010001700095020004000112040002100152035002000173050002300193082001700216100002500233245009100258260005100349300002200400504006400422505019100486533015200677650002100829650002200850655002900872710001700901856012600918999001701044ebr10032546CaPaEBRm u cr cn|||||||||980727s1999 nyua sb 001 0 eng  z 98025523  z0814726879 (hardcover : alk. paper) aCaPaEBRcCaPaEBR a(OCoLC)7074619214aBF468b.F57 1999eb04a153.7/532211 aFlaherty, Michael G.12aA watched poth[electronic resource] :bhow we experience time /cMichael G. Flaherty. aNew York :bNew York University Press,cc1999. ax, 231 p. :bill. aIncludes bibliographical references (p. 183-213) and index.0 aAcknowledgments -- Introduction -- Paradoxical variation -- Protracted duration -- Theory construction -- Temporal compression -- Conclusion -- Methodological appendix -- Notes -- Index. aElectronic reproduction.bPalo Alto, Calif. :cebrary,d2013.nAvailable via World Wide Web.nAccess may be limited to ebrary affiliated libraries. 0aTime perception. 0aTime perspective. 7aElectronic books.2local2 aebrary, Inc.40uhttp://site.ebrary.com/lib/rucke/Doc?id=10032546zAn electronic book accessible through the World Wide Web; click to view c63139d63139